000 00778cam a2200193 4500
001 ABS65761
008 020805n2002 000 0 eng u
035 _a(Sirsi) u119174
100 _aPurdue, M.
245 _aHuman rights and planning
260 _c2002
490 _aScots Law Times
_v(25) 26th July 2002, 195-204(10)
520 _aReviews implications of European Convention on Human Rights for town and country planning in the UK, and suggests that the current trend of judicial decisions pays insufficient weight to certain Convention rights [SLT]
590 _aABS
650 _aCONVENTION FOR THE PROTECTION OF HUMAN RIGHTS AND FUNDAMENTAL FREEDOMS
650 _aSCOTLAND
690 _aENVIRONMENTAL AND LAND CONSULTANCY-PLANNING AND DEVELOPMENT
942 _n0
999 _c70892
_d70892